000 01100nam a22002777a 4500
003 dpl
005 20180907142812.0
008 180907b xxu||||| |||| 00| 0 eng d
010 _aA-974256
020 _c250.00
035 _aA-974256, A-974283
037 _bCen Lib/Ret
040 _aDPL
_bHN
_c0
082 _a
_bप्रफुल्ल
100 _aप्रफुल्ल प्रभाकर
_940
245 _aडायरेक्टर :
_cप्रफुल्ल प्रभाकर
_bउपन्यास /
246 _aDirector : upanyas /
_bby Prafulla Prabhakar
260 _aजयपुर
_bसाहित्यागार
_c1999
270 _aधामानी मार्किट की गली , चौड़ा रास्ता
_bजयपुर
300 _a269पृ.
_c21सेमी (सजिल्द)
650 _aहिन्दी साहित्य
_953628
650 _aउपन्यास
_953629
650 _aHindi literature
_953630
650 _aNovel
_922513
942 _2ddc
_cHN
_h
_mप्रफुल्ल
999 _c113736
_d113736